<?xml version="1.0" encoding="UTF-8"?>
<record
    xmlns:xsi="http://www.w3.org/2001/XMLSchema-instance"
    xsi:schemaLocation="http://www.loc.gov/MARC21/slim http://www.loc.gov/standards/marcxml/schema/MARC21slim.xsd"
    xmlns="http://www.loc.gov/MARC21/slim">

  <leader>02359nam0a2200349   4500</leader>
  <controlfield tag="001">RU\NLR\ONL1\19941</controlfield>
  <controlfield tag="005">20260406112251.0</controlfield>
  <datafield tag="035" ind1=" " ind2=" ">
    <subfield code="a">(NLR Aleph) 010205665</subfield>
  </datafield>
  <datafield tag="090" ind1=" " ind2=" ">
    <subfield code="a">10250450</subfield>
    <subfield code="c">10250450</subfield>
  </datafield>
  <datafield tag="100" ind1=" " ind2=" ">
    <subfield code="a">20120625d1939    |||y0rusy50      ca</subfield>
  </datafield>
  <datafield tag="101" ind1="0" ind2=" ">
    <subfield code="a">kom</subfield>
  </datafield>
  <datafield tag="102" ind1=" " ind2=" ">
    <subfield code="a">RU</subfield>
  </datafield>
  <datafield tag="105" ind1=" " ind2=" ">
    <subfield code="a">y |||||||||</subfield>
  </datafield>
  <datafield tag="135" ind1=" " ind2=" ">
    <subfield code="a">crcn mmmanaba</subfield>
  </datafield>
  <datafield tag="200" ind1="1" ind2=" ">
    <subfield code="a">&#x421;&#x421;&#x421;&#x420;-&#x441;&#x430; &#x43D;&#x430;&#x440;&#x43E;&#x434;&#x43D;&#xF6;&#x439; &#x43E;&#x432;&#x43C;&#xF6;&#x441; &#x440;&#x430;&#x437;&#x432;&#x438;&#x442;&#x438;&#x435;&#x43B;&#xF6;&#x43D; &#x43A;&#x43E;&#x439;&#x43C;&#xF6;&#x434; &#x43F;&#x44F;&#x442;&#x438;&#x43B;&#x435;&#x442;&#x43D;&#x435;&#x439; &#x43F;&#x43B;&#x430;&#x43D; (1938-1942 &#x432;&#x43E;&#x44F;&#x441;)</subfield>
    <subfield code="e">&#x412;&#x41A;&#x41F;(&#x431;) XVIII-&#xF6;&#x434; &#x441;&#x44A;&#x435;&#x437;&#x434; &#x432;&#x44B;&#x43B;&#x44B;&#x43D; &#x412;. &#x41C;&#x43E;&#x43B;&#x43E;&#x442;&#x43E;&#x432; &#x451;&#x440;&#x442; &#x434;&#x43E;&#x43A;&#x43B;&#x430;&#x434;&#x43B;&#xF6;&#x43D; &#x442;&#x435;&#x437;&#x438;&#x441;&#x44A;&#x44F;&#x441;, &#x43A;&#x43E;&#x434;&#x44A;&#x44F;&#x441;&#xF6;&#x441; &#x43A;&#x44B;&#x437;&#x432;&#x44B;&#x43D;&#x43D;&#x430;&#x441; &#x43E;&#x448;&#x43A;&#xF6;&#x43C;&#x430; &#x412;&#x41A;&#x41F;(&#x431;) &#x426;&#x41A; &#x41F;&#x43E;&#x43B;&#x438;&#x442;&#x431;&#x44E;&#x440;&#x43E;&#xF6;&#x43D;</subfield>
    <subfield code="e">&#x441;&#x44A;&#x435;&#x437;&#x434; &#x441;&#x451;&#x440;&#x43D;&#x438;&#x442;&#x430;&#x43D;&#x442;&#x43E;&#x440;&#x43B;&#xF6;&#x43D; &#x43C;&#xF6;&#x434;&#xF6;&#x434; &#x43F;&#x443;&#x43D;&#x43A;&#x442;</subfield>
  </datafield>
  <datafield tag="210" ind1=" " ind2=" ">
    <subfield code="a">&#x421;&#x44B;&#x43A;&#x442;&#x44B;&#x432;&#x43A;&#x430;&#x440;</subfield>
    <subfield code="c">&#x41A;&#x43E;&#x43C;&#x438; &#x433;&#x43E;&#x441;&#x438;&#x437;&#x434;&#x430;&#x442;</subfield>
    <subfield code="d">1939</subfield>
  </datafield>
  <datafield tag="215" ind1=" " ind2=" ">
    <subfield code="a">62,[1] c.</subfield>
    <subfield code="d">17</subfield>
  </datafield>
  <datafield tag="300" ind1=" " ind2=" ">
    <subfield code="a">&#x41D;&#x430; &#x442;&#x438;&#x442; &#x43B;. &#x438; &#x43E;&#x431;&#x43B;.: &#x412;&#x41A;&#x41F;(&#x431;) XVIII &#x441;&#x44A;&#x435;&#x437;&#x434; &#x432;&#x44B;&#x43B;&#x44B;&#x43D; &#x412;. &#x41C;&#x43E;&#x43B;&#x43E;&#x442;&#x43E;&#x432; &#x451;&#x440;&#x442; &#x434;&#x430; &#x410;. &#x416;&#x434;&#x430;&#x43D;&#x43E;&#x432; &#x451;&#x440;&#x442; &#x434;&#x43E;&#x43A;&#x43B;&#x430;&#x434;&#x44F;&#x441;&#x43B;&#xF6;&#x43D; &#x442;&#x435;&#x437;&#x438;&#x441;&#x44A;&#x44F;&#x441;</subfield>
  </datafield>
  <datafield tag="325" ind1="1" ind2=" ">
    <subfield code="a">&#x41A;&#x43E;&#x43F;&#x438;&#x44F; &#x434;&#x43E;&#x441;&#x442;&#x443;&#x43F;&#x43D;&#x430; &#x432; &#x44D;&#x43B;&#x435;&#x43A;&#x442;&#x440;&#x43E;&#x43D;&#x43D;&#x43E;&#x439; &#x431;&#x438;&#x431;&#x43B;&#x438;&#x43E;&#x442;&#x435;&#x43A;&#x435; &#x420;&#x41D;&#x411;</subfield>
  </datafield>
  <datafield tag="423" ind1=" " ind2="0">
    <subfield code="1">2001#$a&#x412;&#x41A;&#x41F;(&#x431;) &#x443;&#x441;&#x442;&#x430;&#x432;&#x44B;&#x43D; &#x432;&#x435;&#x436;&#x441;&#xF6;&#x43C;&#x44A;&#x44F;&#x441;$e&#x412;&#x41A;&#x41F;(&#x431;) XVIII-&#xF6;&#x434; &#x441;&#x44A;&#x435;&#x437;&#x434; &#x432;&#x44B;&#x43B;&#x44B;&#x43D; &#x410;. &#x416;&#x434;&#x430;&#x43D;&#x43E;&#x432; &#x451;&#x440;&#x442; &#x434;&#x43E;&#x43A;&#x43B;&#x430;&#x434;&#x43B;&#xF6;&#x43D; &#x442;&#x435;&#x437;&#x438;&#x441;&#x44A;&#x44F;&#x441;</subfield>
    <subfield code="1">700#1$a&#x416;&#x434;&#x430;&#x43D;&#x43E;&#x432;$b&#x410;. &#x410;.$g&#x410;&#x43D;&#x434;&#x440;&#x435;&#x439; &#x410;&#x43D;&#x434;&#x440;&#x435;&#x435;&#x432;&#x438;&#x447;$4070</subfield>
    <subfield code="1">210##$a&#x421;&#x44B;&#x43A;&#x442;&#x44B;&#x432;&#x43A;&#x430;&#x440;$d1939</subfield>
    <subfield code="1">215##$a&#x421;. 43-63</subfield>
    <subfield code="t">&#x412;&#x41A;&#x41F;(&#x431;) &#x443;&#x441;&#x442;&#x430;&#x432;&#x44B;&#x43D; &#x432;&#x435;&#x436;&#x441;&#xF6;&#x43C;&#x44A;&#x44F;&#x441;</subfield>
    <subfield code="a">&#x416;&#x434;&#x430;&#x43D;&#x43E;&#x432;, &#x410;&#x43D;&#x434;&#x440;&#x435;&#x439; &#x410;&#x43D;&#x434;&#x440;&#x435;&#x435;&#x432;&#x438;&#x447;</subfield>
  </datafield>
  <datafield tag="512" ind1="1" ind2=" ">
    <subfield code="a">&#x412;&#x41A;&#x41F;(&#x431;) XVIII &#x441;&#x44A;&#x435;&#x437;&#x434; &#x432;&#x44B;&#x43B;&#x44B;&#x43D; &#x412;. &#x41C;&#x43E;&#x43B;&#x43E;&#x442;&#x43E;&#x432; &#x451;&#x440;&#x442; &#x434;&#x430; &#x410;. &#x416;&#x434;&#x430;&#x43D;&#x43E;&#x432; &#x451;&#x440;&#x442; &#x434;&#x43E;&#x43A;&#x43B;&#x430;&#x434;&#x44F;&#x441;&#x43B;&#xF6;&#x43D; &#x442;&#x435;&#x437;&#x438;&#x441;&#x44A;&#x44F;&#x441;</subfield>
  </datafield>
  <datafield tag="541" ind1="1" ind2=" ">
    <subfield code="a">&#x422;&#x440;&#x435;&#x442;&#x438;&#x439; &#x43F;&#x44F;&#x442;&#x438;&#x43B;&#x435;&#x442;&#x43D;&#x438;&#x439; &#x43F;&#x43B;&#x430;&#x43D; &#x440;&#x430;&#x437;&#x432;&#x438;&#x442;&#x438;&#x44F; &#x43D;&#x430;&#x440;&#x43E;&#x434;&#x43D;&#x43E;&#x433;&#x43E; &#x445;&#x43E;&#x437;&#x44F;&#x439;&#x441;&#x442;&#x432;&#x430; &#x421;&#x421;&#x421;&#x420; (1938-1942 &#x433;&#x433;.)</subfield>
    <subfield code="z">rus</subfield>
  </datafield>
  <datafield tag="686" ind1="1" ind2=" ">
    <subfield code="a">&#x424;61(2)11</subfield>
  </datafield>
  <datafield tag="700" ind1=" " ind2="1">
    <subfield code="4">570</subfield>
    <subfield code="8">rus</subfield>
    <subfield code="7">ca</subfield>
    <subfield code="a">&#x41C;&#x43E;&#x43B;&#x43E;&#x442;&#x43E;&#x432;</subfield>
    <subfield code="b">&#x412;. &#x41C;.</subfield>
    <subfield code="f">1890-1986</subfield>
    <subfield code="g">&#x412;&#x44F;&#x447;&#x435;&#x441;&#x43B;&#x430;&#x432; &#x41C;&#x438;&#x445;&#x430;&#x439;&#x43B;&#x43E;&#x432;&#x438;&#x447;</subfield>
    <subfield code="3">RU\NLR\auth\77127154</subfield>
    <subfield code="9">110078</subfield>
  </datafield>
  <datafield tag="801" ind1=" " ind2="0">
    <subfield code="a">RU</subfield>
    <subfield code="b">NLR</subfield>
    <subfield code="c">20120625</subfield>
    <subfield code="g">PSBO</subfield>
  </datafield>
  <datafield tag="852" ind1=" " ind2=" ">
    <subfield code="a">NLR</subfield>
    <subfield code="b">&#x41E;&#x41D;&#x41B;</subfield>
    <subfield code="j">&#x41A;&#x43E;&#x43C;&#x438;-&#x437;./2-62</subfield>
  </datafield>
  <datafield tag="901" ind1=" " ind2=" ">
    <subfield code="e">&#x41A;&#x43D;&#x438;&#x436;&#x43D;&#x44B;&#x435; &#x438;&#x437;&#x434;&#x430;&#x43D;&#x438;&#x44F;</subfield>
  </datafield>
  <datafield tag="942" ind1=" " ind2=" ">
    <subfield code="c">BOOK</subfield>
  </datafield>
  <datafield tag="980" ind1=" " ind2=" ">
    <subfield code="a">NB</subfield>
  </datafield>
  <datafield tag="981" ind1="2" ind2="3">
    <subfield code="a">(23) &#x41D;&#x430;&#x446;&#x438;&#x43E;&#x43D;&#x430;&#x43B;&#x44C;&#x43D;&#x44B;&#x435; &#x43B;&#x438;&#x442;&#x435;&#x440;&#x430;&#x442;&#x443;&#x440;&#x44B;</subfield>
    <subfield code="b">(23) &#x41A;&#x43D;&#x438;&#x433;&#x438; &#x43D;&#x430; &#x43D;&#x430;&#x446;&#x438;&#x43E;&#x43D;&#x430;&#x43B;&#x44C;&#x43D;&#x44B;&#x445; &#x44F;&#x437;&#x44B;&#x43A;&#x430;&#x445;</subfield>
  </datafield>
  <datafield tag="995" ind1=" " ind2=" ">
    <subfield code="5">2014-09-08</subfield>
    <subfield code="a">ad</subfield>
    <subfield code="b">NLR01</subfield>
    <subfield code="c">NLR01</subfield>
    <subfield code="e">ONL</subfield>
    <subfield code="f">1-385378</subfield>
    <subfield code="k">&#x41E;&#x41D;&#x41B; &#x41A;&#x43E;&#x43C;&#x438;-&#x437;./2-62</subfield>
    <subfield code="o">0</subfield>
    <subfield code="r">BOOK</subfield>
    <subfield code="s">_262</subfield>
  </datafield>
</record>
